<?xml version="1.0" encoding="UTF-8"?>
<record
    xmlns:xsi="http://www.w3.org/2001/XMLSchema-instance"
    xsi:schemaLocation="http://www.loc.gov/MARC21/slim http://www.loc.gov/standards/marcxml/schema/MARC21slim.xsd"
    xmlns="http://www.loc.gov/MARC21/slim">

  <leader>01057nam a2200313   4500</leader>
  <controlfield tag="003">OSt</controlfield>
  <controlfield tag="005">20260530115257.0</controlfield>
  <controlfield tag="008">260421b19191933   a|||| |||| 00| 0 spa d</controlfield>
  <datafield tag="020" ind1=" " ind2=" ">
    <subfield code="a">9783822850008</subfield>
  </datafield>
  <datafield tag="040" ind1=" " ind2=" ">
    <subfield code="a">ICI</subfield>
    <subfield code="b">spa</subfield>
    <subfield code="c">ICI</subfield>
  </datafield>
  <datafield tag="041" ind1=" " ind2=" ">
    <subfield code="a">spa</subfield>
  </datafield>
  <datafield tag="050" ind1=" " ind2="4">
    <subfield code="a">N332.G33 </subfield>
    <subfield code="b">B38318 2019</subfield>
  </datafield>
  <datafield tag="100" ind1="1" ind2=" ">
    <subfield code="a">Droste, Magdalena,</subfield>
    <subfield code="d">autor</subfield>
    <subfield code="9">30677</subfield>
  </datafield>
  <datafield tag="245" ind1="1" ind2="0">
    <subfield code="a">Bauhaus 1919 - 1933</subfield>
    <subfield code="c">Madgadela Droste ; traducci&#xF3;n de la edici&#xF3;n ampliada, Carmen Villa</subfield>
  </datafield>
  <datafield tag="264" ind1="1" ind2=" ">
    <subfield code="b">TASCHEN</subfield>
    <subfield code="c">2019</subfield>
    <subfield code="a">K&#xF6;ln</subfield>
  </datafield>
  <datafield tag="300" ind1=" " ind2=" ">
    <subfield code="a">256 p&#xE1;ginas</subfield>
    <subfield code="b">ilustraciones ;</subfield>
  </datafield>
  <datafield tag="336" ind1=" " ind2=" ">
    <subfield code="a">texto</subfield>
    <subfield code="2">rdacontent</subfield>
  </datafield>
  <datafield tag="337" ind1=" " ind2=" ">
    <subfield code="a">sin medio</subfield>
    <subfield code="2">rdamedia</subfield>
  </datafield>
  <datafield tag="338" ind1=" " ind2=" ">
    <subfield code="a">volumen</subfield>
    <subfield code="2">rdacarrier</subfield>
  </datafield>
  <datafield tag="500" ind1=" " ind2=" ">
    <subfield code="a"> Reimpresiones: (2015)</subfield>
  </datafield>
  <datafield tag="610" ind1="2" ind2="4">
    <subfield code="a">Bauhaus</subfield>
    <subfield code="x">Exhibiciones</subfield>
    <subfield code="9">30678</subfield>
  </datafield>
  <datafield tag="610" ind1="2" ind2="4">
    <subfield code="a"> Bauhaus </subfield>
    <subfield code="x">Historia</subfield>
    <subfield code="9">30679</subfield>
  </datafield>
  <datafield tag="650" ind1=" " ind2="4">
    <subfield code="a"> Arte moderno</subfield>
    <subfield code="x">Exposiciones</subfield>
    <subfield code="y">Siglo XX</subfield>
    <subfield code="z">Alemania</subfield>
    <subfield code="9">30680</subfield>
  </datafield>
  <datafield tag="650" ind1=" " ind2="4">
    <subfield code="a">Dise&#xF1;o </subfield>
    <subfield code="y">Siglo XX</subfield>
    <subfield code="z"> Alemania</subfield>
    <subfield code="9">30681</subfield>
  </datafield>
  <datafield tag="650" ind1=" " ind2="4">
    <subfield code="a">Arte </subfield>
    <subfield code="x">Estudio y ense&#xF1;anza</subfield>
    <subfield code="y">Siglo XX</subfield>
    <subfield code="z">Alemania</subfield>
    <subfield code="9">30682</subfield>
  </datafield>
  <datafield tag="700" ind1=" " ind2=" ">
    <subfield code="a">Lagier, Diana</subfield>
    <subfield code="e">traductor</subfield>
    <subfield code="9">30683</subfield>
  </datafield>
  <datafield tag="700" ind1=" " ind2=" ">
    <subfield code="a">Gossel, Peter</subfield>
    <subfield code="e">editor</subfield>
    <subfield code="9">4069</subfield>
  </datafield>
  <datafield tag="942" ind1=" " ind2=" ">
    <subfield code="2">lcc</subfield>
    <subfield code="c">BK</subfield>
    <subfield code="n">1</subfield>
  </datafield>
  <datafield tag="999" ind1=" " ind2=" ">
    <subfield code="c">12673</subfield>
    <subfield code="d">12673</subfield>
  </datafield>
</record>
